[Event "Liptovsky Jan op"]
[Site "Liptovsky Jan"]
[Date "2022.06.24"]
[Round "2.19"]
[White "Vilimek, Vit"]
[Black "Staron, Ladislav"]
[Result "1-0"]
[WhiteElo "1972"]
[BlackElo "1700"]
[PlyCount "59"]
[EventDate "2022.06.23"]
[EventType "swiss"]
[EventRounds "7"]
[EventCountry "SVK"]
[SourceTitle "CBM 209 Extra"]
[Source "ChessBase"]
[SourceDate "2022.09.30"]
[SourceVersion "1"]
[SourceVersionDate "2022.09.30"]
[SourceQuality "1"]

1. e4 c5 2. b4 d6 3. bxc5 dxc5 4. d3 e6 5. f4 Nc6 6. Be3 b6 7. Nf3 g6 8. d4 Bg7 9. c3 cxd4 10. cxd4 Nge7 11. Nc3 0-0 12. Rc1 Bb7 13. Be2 Rc8 14. 0-0 Rc7 15. Qa4 Rd7 16. Rfd1 Qa8 17. Ne5 Bxe5 18. fxe5 Rfd8 19. Bf3 a6 20. Ne2 b5 21. Qa3 Nxe5 22. Bg5 Nxf3+ 23. gxf3 Re8 24. Qe3 f5 25. Nf4 Kf7 26. Nd3 Rd6 27. Ne5+ Kg8 28. Rc7 Nc6 29. Nf7 Qb8 30. Nh6+ 1-0

[Event "Liptovsky Jan Slovak op U2200"]
[Site "Liptovsky Jan"]
[Date "2021.06.19"]
[Round "5"]
[White "Staron, Ladislav"]
[Black "Bochnickova, Andrea"]
[Result "0-1"]
[WhiteElo "1724"]
[BlackElo "2139"]
[PlyCount "86"]
[EventDate "2021.06.17"]
[EventType "swiss"]
[EventRounds "7"]
[EventCountry "SVK"]
[SourceTitle "CBM 203 Extra"]
[Source "ChessBase"]
[SourceDate "2021.09.30"]
[SourceVersion "1"]
[SourceVersionDate "2021.09.30"]
[SourceQuality "1"]

1. d4 Nf6 2. Nf3 g6 3. g3 c5 4. c3 b6 5. Bg2 Bb7 6. 0-0 Bg7 7. Na3 0-0 8. Nc2 d5 9. dxc5 bxc5 10. h3 Nc6 11. Rb1 e5 12. Bg5 Qd6 13. Qc1 Rfe8 14. Bh6 Bh8 15. Rd1 Ne7 16. g4 Ne4 17. Ng5 Nxg5 18. Bxg5 f6 19. Bh4 Qc7 20. Bg3 f5 21. gxf5 gxf5 22. Qg5+ Bg7 23. Qd2 f4 24. Bh2 Rad8 25. e3 Rf8 26. exf4 exf4 27. Re1 Ng6 28. f3 d4 29. c4 d3 30. Na3 Qf7 31. Kh1 Ne5 32. Rf1 Nxc4 33. Nxc4 Qxc4 34. b3 Qb4 35. Qxb4 cxb4 36. Rbd1 d2 37. Bg1 Ba6 38. Bc5 Bxf1 39. Bxf1 Rfe8 40. Bc4+ Kh8 41. Bf2 Bc3 42. Kg2 Re1 43. Rxd2 Rxd2 0-1

[Event "Liptovsky Jan Slovak op U2200"]
[Site "Liptovsky Jan"]
[Date "2021.06.18"]
[Round "2"]
[White "Staron, Ladislav"]
[Black "Ihnat, Marek"]
[Result "1-0"]
[WhiteElo "1724"]
[BlackElo "1472"]
[PlyCount "98"]
[EventDate "2021.06.17"]
[EventType "swiss"]
[EventRounds "7"]
[EventCountry "SVK"]
[SourceTitle "CBM 203 Extra"]
[Source "ChessBase"]
[SourceDate "2021.09.30"]
[SourceVersion "1"]
[SourceVersionDate "2021.09.30"]
[SourceQuality "1"]

1. d4 d5 2. c4 e6 3. Nc3 Nf6 4. Bg5 Nbd7 5. e3 c6 6. Nf3 Qa5 7. Bxf6 Nxf6 8. a3 Ne4 9. Qc1 dxc4 10. Bxc4 Nxc3 11. bxc3 b5 12. Bd3 Bd6 13. 0-0 Bb7 14. Qc2 h6 15. Rfc1 c5 16. Be2 c4 17. Qb2 Rb8 18. h3 0-0 19. Nd2 Rfe8 20. Bf3 Bc8 21. Qc2 Bd7 22. Qa2 Qd8 23. Ne4 Be7 24. Nd2 Bh4 25. Rc2 Qg5 26. Nf1 e5 27. Kh2 Qg6 28. e4 Qd6 29. d5 f5 30. g3 Bf6 31. Ne3 f4 32. Nf1 fxg3+ 33. Nxg3 Rf8 34. Bg2 Bh4 35. Re2 Qg6 36. Re3 Rf4 37. Rf1 Rbf8 38. Qe2 Bg5 39. Rf3 Rxf3 40. Bxf3 Bf4 41. Rg1 Qg5 42. Bg4 Qd8 43. Bxd7 Qxd7 44. Kg2 Rf6 45. Qg4 Qf7 46. Qe2 Rg6 47. Rf1 h5 48. Kh1 h4 49. Nf5 Qf6 1-0